000 00365nam a22001457a 4500
003 SGT
020 _a978-93-83653-12-2
082 _a615.1
_bGOW
100 _aGOWDA, PANCHANKSHARAPPA
245 _aPHARMACEUTICAL MATHEMATICS WITH APPLICATION TO PHARMACY
260 _aINDIA
_bPHARMA MED .
_c2025
300 _a301
650 _aPHARMACEUTICAL
942 _2ddc
_cBK
999 _c32925
_d32925